000
00301nam a22001217a 4500
082
_a
629.2549 LYT'A
100
_a
LYTALL, ALLAN
_9
57506
245
_a
AUTOMATIVE ELECTRONICS TEST EQUIPMENT
260
_a
NEWYORK
_b
HOWARD W. SAMS
_c
1963
300
_a
112P
650
_a
ACC NO-3996
_9
57507
942
_c
BK
999
_c
567785
_d
567785